书目信息 |
| 书名: | Health and Fitness | |
| 作者: | Laura E.Bounds,M.S.Ches. | |
| 分册号: | ||
| 分册名: | 出版地: | Kendall : |
|
| 出版社: | HUNT PUBLISHING COMPANY | |
| 出版时间: | 2003. | |
| 页数: | 297 p. ; | |
| 开本: | 28cm. | |
| 丛书名: | ||
| 中图分类号: | ||
| 科图分类号: | ||
| 其他分类号: | R163 | |
| 主题词: | ||
| 电子资源: | ||
| 000 | 00497nam 2200169 a 4500 | |
| 001 | E0732061686 | |
| 005 | 20070319085939.35 | |
| 008 | 070319s2003 00010 eng | |
| 020 | @a0-7575-0323-3. | |
| 040 | @aPFT@beng | |
| 090 | @aR163 | |
| 099 | @dR163@ex13=2 | |
| 245 | @aHealth and Fitness :@bA Guide to a Healthy Lifestyle / @cLaura E.Bounds,M.S.Ches. | |
| 250 | @a2nd ed. | |
| 260 | @aKendall :@bHUNT PUBLISHING COMPANY,@c2003. | |
| 300 | @a297 p. ;@c28cm. | |
| 700 | @aBounds ,Laura E.and Ches,M.S. | |
| Health and Fitness : : A Guide to a Healthy Lifestyle / / Laura E.Bounds,M.S.Ches.-2nd ed.-Kendall : : HUNT PUBLISHING COMPANY, , 2003. |
| 297 p. ; ; 28cm. |
| ISBN 0-7575-0323-3. |
| ● |
| 相关链接 |
|
|
|
|
正题名:Health and Fitness
索取号:R163/x13=2
 
预约/预借
| 序号 | 登录号 | 条形码 | 馆藏地/架位号 | 状态 | 备注 |
| 1 | 0002839 | 300028397 | 第二样本阅览室/ [索取号:R163/x13=2] | 在馆 |